| 000 | 00681nam a2200193 a 4500 | ||
|---|---|---|---|
| 001 | 000005422 | ||
| 005 | 20200929151655.0 | ||
| 008 | 090819s1982 es 001 0 spa d | ||
| 020 | _a8400051459 | ||
| 040 | _aDO-SdBNP | ||
| 082 | _axxx | ||
| 100 | 1 |
_aAzaustre Serrano, María del Carmen _915390 |
|
| 245 | 1 | 0 |
_aCuadernos bibliográficos : _bcanciones y romances populares impresos en Barcelona en el siglo XIX / _cMaría del Carmen Azaustre Serrano. |
| 260 |
_aMadrid : _bConsejo Superior de Investigaciones Científicas, _c1982. |
||
| 300 |
_a420 p. ; _c25 cm. |
||
| 490 | 1 |
_aCuadernos Bibliográficos ; _v45 |
|
| 830 | 0 |
_aCuadernos Bibliográficos ; _n45 _915391 |
|
| 049 | _aBNPD | ||
| 999 |
_c5222 _d5222 |
||